00417nam a2200133Ia 4500008004100000040001900041041001200060082002500072245009400097260004100191300001900232650001400251850001800265131103s9999 xx 000 0 und d aLoreto College aEnglish a920/GREbLCBED/11538 aGreat men and women of indiab an anthology if biographical essays on the Indian science  aDelhibOxford University Pressc1989 av,73p c 17cm. aBiography aLCBED/920/GRE